Remplissez une carte d'Europe en devinant les couleurs des drapeaux - Statistiques

Statistiques générales
  • Ce quiz a été pris 13 280 fois
  • Le résultat moyen est 103 sur 142
Réponses sur la Carte
Les réponses sont colorées sur une échelle allant du rouge au vert en fonction du pourcentage des utilisateurs qui les ont devinées à leur premier essai. Vous pouvez retrouver ces pourcentages ci-dessous.
 
Statistiques - réponses
Pays Couleur % Correct
France Blanc
99%
France Bleu
99%
France Rouge
99%
Russie Blanc
98%
Italie Blanc
98%
Allemagne Noir
98%
Italie Rouge
98%
Italie Vert
98%
Russie Bleu
97%
Allemagne Doré
97%
Russie Rouge
97%
Allemagne Rouge
97%
Belgique Jaune
96%
Belgique Noir
96%
Belgique Rouge
96%
Ukraine Bleu
95%
Ukraine Jaune
95%
Suisse Blanc
94%
Pologne Blanc
94%
Suisse Rouge
94%
Pologne Rouge
94%
Pays-Bas Blanc
93%
Autriche Blanc
93%
Pays-Bas Bleu
93%
Pays-Bas Rouge
93%
Autriche Rouge
93%
République tchèque Bleu
91%
République tchèque Blanc
90%
Grèce Blanc
90%
Royaume-Uni Blanc
90%
Grèce Bleu
90%
Royaume-Uni Bleu
90%
République tchèque Rouge
90%
Royaume-Uni Rouge
90%
Irlande Blanc
89%
Irlande Orange
89%
Irlande Vert
89%
Roumanie Bleu
87%
Suède Bleu
87%
Roumanie Jaune
87%
Hongrie Rouge
87%
Roumanie Rouge
87%
Danemark Rouge
87%
Hongrie Blanc
86%
Finlande Blanc
86%
Norvège Blanc
86%
Danemark Blanc
86%
Finlande Bleu
86%
Norvège Bleu
86%
Suède Jaune
86%
Norvège Rouge
86%
Islande Blanc
85%
Islande Bleu
85%
Hongrie Vert
85%
Islande Rouge
84%
Luxembourg Blanc
83%
Luxembourg Bleu clair
83%
Luxembourg Rouge
83%
Bulgarie Blanc
82%
Bulgarie Rouge
82%
Albanie Rouge
82%
Bulgarie Vert
82%
Estonie Bleu
81%
Albanie Noir
81%
Biélorussie Rouge
81%
Macédoine du Nord Jaune
80%
Macédoine du Nord Rouge
80%
Biélorussie Vert
80%
Lettonie Blanc
79%
Estonie Blanc
79%
Slovaquie Blanc
79%
Slovaquie Bleu
79%
Bosnia andHerzegovina Bleu
79%
Lettonie Carmin
79%
Slovaquie Rouge
79%
Biélorussie Blanc
78%
Estonie Noir
78%
Kosovo Bleu
77%
Bosnie-Herzégovine Jaune
77%
Bosnie-Herzégovine Blanc
76%
Lituanie Jaune
76%
Lituanie Rouge
76%
Lituanie Vert
76%
Espagne Jaune
74%
Espagne Rouge
74%
Croatie Blanc
73%
Croatie Rouge
73%
Croatie Bleu
72%
Slovénie Blanc
70%
Slovénie Bleu
70%
Slovénie Rouge
70%
Monténégro Rouge
69%
Portugal Rouge
69%
Portugal Vert
68%
Monténégro Doré
64%
Serbie Rouge
64%
Serbie Blanc
63%
Monaco Blanc
63%
Serbie Bleu
63%
Monaco Rouge
63%
Kosovo Blanc
61%
Malte Blanc
59%
Moldavie Bleu
59%
Moldavie Jaune
59%
Portugal Jaune
59%
Moldavie Rouge
59%
Malte Rouge
59%
Serbie Doré
58%
Slovénie Jaune
57%
Monténégro Bleu
56%
Andorre Rouge
55%
Portugal Blanc
54%
Vatican Blanc
54%
Vatican Jaune
54%
Saint-Marin Blanc
53%
Saint-Marin Bleu clair
53%
Andorre Jaune
53%
Andorre Bleu
52%
Liechtenstein Bleu
50%
Monténégro Vert
50%
Liechtenstein Rouge
49%
Kosovo Doré
48%
Espagne Doré
47%
Portugal Bleu
46%
Croatie Jaune
46%
Liechtenstein Jaune
45%
Croatie Noir
43%
Saint-Marin Jaune
38%
Espagne Bleu
37%
Croatie Bleu clair
37%
Saint-Marin Vert
37%
Espagne Beige
35%
Moldavie Vert
35%
Moldavie Marron
34%
Espagne Vert
34%
Andorre Marron
32%
Vatican Rouge
30%
Espagne Rouge (plus foncé)
30%
Espagne Gris
28%
Espagne Blanc
25%
Vatican Gris
24%
Espagne Rose
24%
Aucun quiz correspondant
Distribution des résultats
% des personnes avec chaque résultat
Percentile par nombre de réponses
Votre historique - résultats
Vous n’avez pas pris ce quiz